<?xml version="1.0" encoding="UTF-8"?>
<record
    xmlns:xsi="http://www.w3.org/2001/XMLSchema-instance"
    xsi:schemaLocation="http://www.loc.gov/MARC21/slim http://www.loc.gov/standards/marcxml/schema/MARC21slim.xsd"
    xmlns="http://www.loc.gov/MARC21/slim">

  <leader>01632nam a22003377a 4500</leader>
  <controlfield tag="003">EG-ScBUE</controlfield>
  <controlfield tag="005">20211118095932.0</controlfield>
  <controlfield tag="008">100622s2007    ua     f b    000 0dara d</controlfield>
  <datafield tag="017" ind1=" " ind2=" ">
    <subfield code="a">2007 / 23926</subfield>
  </datafield>
  <datafield tag="020" ind1=" " ind2=" ">
    <subfield code="a">9774375262</subfield>
  </datafield>
  <datafield tag="040" ind1=" " ind2=" ">
    <subfield code="a">EG-ScBUE</subfield>
    <subfield code="b">ara</subfield>
    <subfield code="e">rda</subfield>
    <subfield code="c">EG-ScBUE</subfield>
    <subfield code="d">EG-ScBUE</subfield>
  </datafield>
  <datafield tag="041" ind1="1" ind2=" ">
    <subfield code="a">ara</subfield>
    <subfield code="h">eng</subfield>
  </datafield>
  <datafield tag="082" ind1="0" ind2="4">
    <subfield code="a">839.8226</subfield>
    <subfield code="b">&#x645; &#x648; &#x64A;</subfield>
    <subfield code="2">22</subfield>
  </datafield>
  <datafield tag="100" ind1="1" ind2=" ">
    <subfield code="9">15003</subfield>
    <subfield code="a">&#x645;&#x648;&#x64A;&#x60C; &#x62A;&#x648;&#x631;&#x64A;&#x644;&#x60C;</subfield>
    <subfield code="e">&#x645;&#x624;&#x644;&#x641;.</subfield>
  </datafield>
  <datafield tag="240" ind1="1" ind2="0">
    <subfield code="a">Henrik Ibsen and the birth of modernism : art, theatre, philosophy.</subfield>
    <subfield code="l">Arabic</subfield>
  </datafield>
  <datafield tag="245" ind1="1" ind2="0">
    <subfield code="a">&#x647;&#x646;&#x631;&#x64A;&#x643; &#x625;&#x628;&#x633;&#x646; &#x648;&#x645;&#x64A;&#x644;&#x627;&#x62F; &#x627;&#x644;&#x646;&#x632;&#x639;&#x629; &#x625;&#x644;&#x649; &#x627;&#x644;&#x62D;&#x62F;&#x627;&#x62B;&#x629; :</subfield>
    <subfield code="b">&#x627;&#x644;&#x641;&#x646; &#x648;&#x627;&#x644;&#x645;&#x633;&#x631;&#x62D; &#x648;&#x627;&#x644;&#x641;&#x644;&#x633;&#x641;&#x629; /</subfield>
    <subfield code="c">&#x62A;&#x623;&#x644;&#x64A;&#x641; &#x62A;&#x648;&#x631;&#x64A;&#x644; &#x645;&#x648;&#x64A; &#x61B; &#x62A;&#x631;&#x62C;&#x645;&#x629; &#x623;. &#x62F;. &#x62C;&#x645;&#x627;&#x644; &#x639;&#x628;&#x62F; &#x627;&#x644;&#x645;&#x642;&#x635;&#x648;&#x62F; &#x61B; &#x645;&#x631;&#x627;&#x62C;&#x639;&#x629; &#x623;. &#x62F;. &#x645;&#x62D;&#x645;&#x62F; &#x623;&#x628;&#x648; &#x627;&#x644;&#x62E;&#x64A;&#x631;.</subfield>
  </datafield>
  <datafield tag="264" ind1=" " ind2="1">
    <subfield code="a">&#x627;&#x644;&#x642;&#x627;&#x647;&#x631;&#x629; :</subfield>
    <subfield code="b">&#x648;&#x632;&#x627;&#x631;&#x629; &#x627;&#x644;&#x62B;&#x642;&#x627;&#x641;&#x629;&#x60C; &#x645;&#x647;&#x631;&#x62C;&#x627;&#x646; &#x627;&#x644;&#x642;&#x627;&#x647;&#x631;&#x629; &#x627;&#x644;&#x62F;&#x648;&#x644;&#x64A;&#x60C; &#x627;&#x644;&#x645;&#x633;&#x631;&#x62D; &#x627;&#x644;&#x62A;&#x62C;&#x631;&#x64A;&#x628;&#x64A;&#x60C;</subfield>
    <subfield code="c">[2007]</subfield>
  </datafield>
  <datafield tag="300" ind1=" " ind2=" ">
    <subfield code="a">790 &#x635;&#x641;&#x62D;&#x629; &#x61B;</subfield>
    <subfield code="c">23 &#x633;&#x645;</subfield>
  </datafield>
  <datafield tag="336" ind1=" " ind2=" ">
    <subfield code="2">rdacontent</subfield>
    <subfield code="a">&#x646;&#x635;</subfield>
    <subfield code="b">txt</subfield>
  </datafield>
  <datafield tag="337" ind1=" " ind2=" ">
    <subfield code="2">rdamedia</subfield>
    <subfield code="a">&#x628;&#x62F;&#x648;&#x646; &#x648;&#x633;&#x64A;&#x637;</subfield>
    <subfield code="b">n</subfield>
  </datafield>
  <datafield tag="338" ind1=" " ind2=" ">
    <subfield code="2">rdacarrier</subfield>
    <subfield code="a">&#x645;&#x62C;&#x644;&#x62F;</subfield>
    <subfield code="b">nc</subfield>
  </datafield>
  <datafield tag="504" ind1=" " ind2=" ">
    <subfield code="a">&#x64A;&#x634;&#x62A;&#x645;&#x644; &#x639;&#x644;&#x649; &#x625;&#x631;&#x62C;&#x627;&#x639;&#x627;&#x62A; &#x628;&#x628;&#x644;&#x64A;&#x648;&#x62C;&#x631;&#x627;&#x641;&#x64A;&#x629;.</subfield>
  </datafield>
  <datafield tag="546" ind1=" " ind2=" ">
    <subfield code="a">&#x627;&#x644;&#x646;&#x635; &#x628;&#x627;&#x644;&#x644;&#x63A;&#x629; &#x627;&#x644;&#x639;&#x631;&#x628;&#x64A;&#x629; &#x648;&#x62A;&#x645; &#x62A;&#x631;&#x62C;&#x645;&#x62A;&#x647; &#x645;&#x646; &#x627;&#x644;&#x644;&#x63A;&#x629; &#x627;&#x644;&#x625;&#x646;&#x62C;&#x644;&#x64A;&#x632;&#x64A;&#x629;.</subfield>
  </datafield>
  <datafield tag="600" ind1="1" ind2="7">
    <subfield code="a">&#x202A;&#x625;&#x628;&#x633;&#x646;&#x60C; &#x647;&#x646;&#x631;&#x64A;&#x643;&#x60C;</subfield>
    <subfield code="d">1828-1906.</subfield>
    <subfield code="2">BUEsh</subfield>
  </datafield>
  <datafield tag="650" ind1=" " ind2="7">
    <subfield code="9">15010</subfield>
    <subfield code="a">&#x202A;&#x627;&#x644;&#x645;&#x633;&#x631;&#x62D;&#x64A;&#x627;&#x62A; &#x627;&#x644;&#x646;&#x631;&#x648;&#x64A;&#x62C;&#x64A;&#x629;</subfield>
    <subfield code="x">&#x62A;&#x627;&#x631;&#x64A;&#x62E; &#x648;&#x646;&#x642;&#x62F;.</subfield>
    <subfield code="2">BUEsh</subfield>
  </datafield>
  <datafield tag="650" ind1=" " ind2="7">
    <subfield code="a">&#x202A;&#x627;&#x644;&#x62D;&#x62F;&#x627;&#x62B;&#x629; (&#x623;&#x62F;&#x628;).</subfield>
    <subfield code="2">BUEsh</subfield>
  </datafield>
  <datafield tag="651" ind1=" " ind2=" ">
    <subfield code="2">BUEsh</subfield>
  </datafield>
  <datafield tag="700" ind1="1" ind2=" ">
    <subfield code="9">15004</subfield>
    <subfield code="a">&#x639;&#x628;&#x62F; &#x627;&#x644;&#x645;&#x642;&#x635;&#x648;&#x62F;&#x60C; &#x62C;&#x645;&#x627;&#x644;&#x60C;</subfield>
    <subfield code="e">&#x645;&#x62A;&#x631;&#x62C;&#x645;.</subfield>
  </datafield>
  <datafield tag="700" ind1="1" ind2=" ">
    <subfield code="9">15005</subfield>
    <subfield code="a">&#x623;&#x628;&#x648; &#x627;&#x644;&#x62E;&#x64A;&#x631;&#x60C; &#x645;&#x62D;&#x645;&#x62F;&#x60C;</subfield>
    <subfield code="e">&#x645;&#x631;&#x627;&#x62C;&#x639;.</subfield>
  </datafield>
  <datafield tag="942" ind1=" " ind2=" ">
    <subfield code="2">ddc</subfield>
    <subfield code="c">BB</subfield>
  </datafield>
  <datafield tag="999" ind1=" " ind2=" ">
    <subfield code="c">14150</subfield>
    <subfield code="d">14150</subfield>
  </datafield>
  <datafield tag="952" ind1=" " ind2=" ">
    <subfield code="0">0</subfield>
    <subfield code="1">0</subfield>
    <subfield code="2">ddc</subfield>
    <subfield code="4">0</subfield>
    <subfield code="7">0</subfield>
    <subfield code="8">Alef-Baa</subfield>
    <subfield code="a">MAIN</subfield>
    <subfield code="b">MAIN</subfield>
    <subfield code="c">2ND</subfield>
    <subfield code="d">2010-06-22</subfield>
    <subfield code="o">839.8226 &#x645; &#x648; &#x64A;</subfield>
    <subfield code="p">000021073</subfield>
    <subfield code="r">2025-07-15 00:00:00</subfield>
    <subfield code="y">BB</subfield>
  </datafield>
</record>
